Economics/ (Record no. 193569)

MARC details
000 -LEADER
fixed length control field 00618nam a22002057a 4500
005 - DATE AND TIME OF LATEST TRANSACTION
control field 20221102142240.0
010 ## - LCCN (DPL NO)
LC control number b-307182
020 ## - INTERNATIONAL STANDARD BOOK NUMBER
International Standard Book Number 9780195692501
Terms of availability 325.00
035 ## - SYSTEM CONTROL NUMBER
System control number B-307182
082 ## - DEWEY DECIMAL CLASSIFICATION NUMBER
Classification number 330
Edition number 11th
100 ## - MAIN ENTRY--PERSONAL NAME
Personal name Lipsey
245 ## - TITLE STATEMENT
Title Economics/
Statement of responsibility, etc by Lipsey [and] Chrystal
Medium ENG
250 ## - EDITION STATEMENT
Edition statement Ist Edition 2007
260 ## - PUBLICATION, DISTRIBUTION, ETC. (IMPRINT)
Place of publication, distribution, etc New Delhi
Name of publisher, distributor, etc Oxford University Press
Date of publication, distribution, etc 2007
270 ## - ADDRESS
Address YMCA Library Building Singh Road
City New Delhi
Postal code 110001
300 ## - PHYSICAL DESCRIPTION
Extent xxii, 665p.
Dimensions 26cm.
Other physical details Graph and Table
500 ## - GENERAL NOTE
General note Glossary, Bibliography, Index
700 ## - ADDED ENTRY--PERSONAL NAME
Personal name Chrystal
942 ## - ADDED ENTRY ELEMENTS (KOHA)
Source of classification or shelving scheme Dewey Decimal Classification
Item type English Books
Classification part 330
Call number suffix LIP
Holdings
Withdrawn status Lost status Not for loan Collection code Home library Current library Date acquired Source of acquisition Cost, normal purchase price Full call number Barcode Copy number Cost, replacement price Koha item type
      Non-fiction Shahdara Branch Shahdara Branch 02/11/2022 BPPD 325.00 330 LIP B-307182 1 325.00 English Books

© Delhi Public Library
Hit Counter
free hit counter